000 00489nam a2200181Ia 4500
999 _c14089
_d14089
003 OSt
005 20201028095513.0
008 190216s9999||||xx |||||||||||||| ||und||
020 _a8171671144
040 _coclc
082 _a822
_bMEH/B
100 _aMehta, Dina
_96084
245 0 _aBrides Are Not For Burning /
_cDina Mehta
260 _bRupa & Co,
_c1993.
_aCalcutta:
300 _a94p
650 _aEnglish Drama
942 _cBK
_2ddc
_h822
_iMEH/B
_k822
_mMEH/B